Dictamen Nº 2 (Registro nro. 8296)
[ vista simple ]
| 000 -LEADER | |
|---|---|
| fixed length control field | 00724 a2200193 4500 |
| 001 - CONTROL NUMBER | |
| control field | 63736 |
| 005 - DATE AND TIME OF LATEST TRANSACTION | |
| control field | 20260407155936.0 |
| 008 - FIXED-LENGTH DATA ELEMENTS--GENERAL INFORMATION | |
| fixed length control field | 260407a1975 arg spa d |
| 003 - CONTROL NUMBER IDENTIFIER | |
| control field | AR-UNSa-BCEJYS |
| 040 ## - CATALOGING SOURCE | |
| Original cataloging agency | AR-UNSa-BCEJYS |
| Language of cataloging | spa |
| Transcribing agency | AR-UNSa-BCEJYS |
| 080 ## - UNIVERSAL DECIMAL CLASSIFICATION NUMBER | |
| Universal Decimal Classification number | 657(083.74) |
| Common auxiliary subdivision | Normas Contables |
| 041 ## - LANGUAGE CODE | |
| Language code of text/sound track or separate title | spa |
| 100 1# - MAIN ENTRY--PERSONAL NAME | |
| Personal name | Federación Argentina de Colegios de Graduados en Ciencias Económicas. Instituto Técnico de Contadores Públicos |
| 245 10 - TITLE STATEMENT | |
| Title | Dictamen Nº 2 |
| Name of part/section of a work | Ajuste de estados contables para reflejar las variaciones del poder adquisitivo de la moneda. Normas de aplicación |
| 264 #1 - PRODUCTION, PUBLICATION, DISTRIBUTION, MANUFACTURE, AND COPYRIGHT NOTICE | |
| Place of production, publication, distribution, manufacture | Buenos Aires : |
| Name of producer, publisher, distributor, manufacturer | El Coloquio |
| Date of production, publication, distribution, manufacture, or copyright notice | 1975 |
| 300 ## - PHYSICAL DESCRIPTION | |
| Extent | 91 p. |
| Dimensions | 22 cm. |
| 590 ## - LOCAL NOTE (RLIN) | |
| Local note | niveau_biblio:m niveau_hierar:0 |
| 942 ## - ADDED ENTRY ELEMENTS (KOHA) | |
| Koha item type | |
| Withdrawn status | Lost status | Damaged status | Not for loan | Home library | Current library | Shelving location | Date acquired | Total checkouts | Full call number | Barcode | Date last seen | Price effective from | Koha item type |
|---|---|---|---|---|---|---|---|---|---|---|---|---|---|
| Biblioteca Prof. Eusebio Cleto del Rey | Biblioteca Prof. Eusebio Cleto del Rey | 07/04/2026 | 657(083.74) F293d | L12847 | 07/04/2026 | 07/04/2026 | Libro | ||||||
| Biblioteca Prof. Eusebio Cleto del Rey | Biblioteca Prof. Eusebio Cleto del Rey | 07/04/2026 | 657(083.74) F293d | L12848 | 07/04/2026 | 07/04/2026 | Libro |